000 00757nam a22002295i 4500
001 177752
003 ES-MaACL
005 20250728103619.0
008 110419s1925 sp |||| | spa d
080 _a2:1
080 _a27-1
100 1 _aOtto, Rudolf.
_9146245
245 1 3 _aLo santo :
_blo racional y lo irracional en la idea de Dios /
_cRodolfo Otto ; traducción de Fernando Vela.
260 _aMadrid :
_bRevista de Occidente,
_c1925.
300 _a221 p. ;
_c20 cm.
490 1 _aNuevos hechos, nuevas ideas ;
_v2
650 4 _aReligión-
_xFilosofía
_916799
700 0 _aVela, Fernando.
_9113674
830 1 _aNuevos hechos, nuevas ideas ;
_v2
_9184426
852 _aES-MaACL
_jE-14951
_xOlim P-209
999 _c177752
_d177752